| 000 | 01087nam a22002415i 4500 | ||
|---|---|---|---|
| 001 | 172749 | ||
| 003 | ES-MaACL | ||
| 005 | 20250831061526.0 | ||
| 008 | 090907s1931 sp |||| | spa d | ||
| 245 | 0 | 0 |
_aConvenio relativo al enrolamiento de marinos _b: proyecto de convenio aprobado por la Conferencia Internacional del Trabajo en Ginebra el 26 de julio de 1926 y ratificado por España el 23 de febrero de 1931. |
| 260 |
_aMadrid : _b[s.n.], _c1931 ( _fImp. del Ministerio de Estado) |
||
| 300 |
_a24 p. ; _c24 cm. |
||
| 490 | 1 |
_aPublicaciones del Ministerio de Estado. Serie A: Acuerdos y convenios internacionales ; _v6 |
|
| 546 | _aTexto en español, francés e inglés. | ||
| 594 | _aDatos tomados de cub. | ||
| 650 | 0 | 0 |
_aMarinos. _9171571 |
| 650 | 4 |
_aReclutamiento y alistamiento. _9136806 |
|
| 710 | 1 |
_aEspaña. _bMinisterio de Estado. _93866 |
|
| 711 | 2 |
_aConferencia Internacional del Trabajo ( _n9ª. _d1926. _cGinebra) _9171581 |
|
| 830 | 1 | 0 |
_aPublicaciones del Ministerio de Estado _v6 _9189119 |
| 852 |
_aES-MaACL _j2299-F-6 |
||
| 999 |
_c172749 _d172749 |
||